000 00516nam a2200193Ia 4500
005 20250508162947.0
008 008 250505s9999 xx 000 0 eng d
037 _aTextual
040 _aFEDL
_beng
_cFEDL
041 _aeng
_2eng
084 _a193, SMI
_qFEDL
100 _aSmith Barry Ed.
245 0 _aHusserl
260 _aCambridge
_bCambridge University Press
_c1995
300 _a517p.
700 _a Smith David Woodruff
_9774521
942 _cTEXL
_h193, SMI
999 _c1379642
_d1379642